Music Quiz

Random Music or Billboard Quiz

Billboard Number One Singles (2016) Quiz Stats

Quiz not verified by Sporcle

Challenge
Share
Tweet
Score 0/11 Timer 04:00
0 Plays Today
Artist Song % Correct
AdeleHello
97.3%
ZaynPillowtalk
87.1%
DesiignerPanda
84.9%
Justin BieberSorry
82.8%
Rihanna ft. DrakeWork
80.6%
The Chainsmokers ft. HalseyCloser
78%
Justin BieberLove Yourself
72.6%
Drake ft. Whizkid and KylaOne Dance
70.4%
Justin TimberlakeCan't Stop the Feeling!
68.8%
Sia ft. Sean PaulCheap Thrills
65.1%
Rae Sremmurd ft. Gucci ManeBlack Beatles
61.3%

You're not logged in!

Compare scores with friends on all Sporcle quizzes.
Join for Free
OR
Log In

You Might Also Like...

Show Comments

Extras

Top Quizzes Today


Score Distribution

Your Account Isn't Verified!

In order to create a playlist on Sporcle, you need to verify the email address you used during registration. Go to your Sporcle Settings to finish the process.

Report this User

Report this user for behavior that violates our Community Guidelines.

Details: